000 00667nam a2200241Ia 4500
005 20260121112546.0
008 6966 260114s9999 xx 000 0 eng d
020 _a9789814277280
037 _aEBOOK
040 _aCRL
_beng
_cCRL
041 _aeng
_2eng
084 _qCRL
100 _aCheng Sui Sun Et Al
_9959555
245 0 _aDual Sets of Envelopes and Characteristic Regions of Quasi-Polynomials
260 _bWorld Scientific
260 _bWSPC
260 _c2009
650 _aMathematics
_9959556
856 _uhttps://www.worldscientific.com/worldscibooks/10.1142/7338#t=toc
942 _cEBOOK
999 _c1544266
_d1544266